| 000 | 00827nas a2200277 4500 | ||
|---|---|---|---|
| 001 | BR0303763 | ||
| 003 | BR-BrBNA | ||
| 005 | 20231205103953.0 | ||
| 007 | ta | ||
| 008 | 230509b bl.|||p| |||| 00| 00por d | ||
| 040 |
_aBR-BrBNA _bpor _cBiblioteca Nacional de Agricultura |
||
| 041 | _a(Pt) | ||
| 072 | _aL70 | ||
| 100 | 1 | _aCorrêa, V.P. | |
| 245 | 1 | _aDiagnóstico e possibilidade de remoção, por via endoscópica, de corpos estranhos esofágica em pequenos animais | |
| 650 | _aCÃO | ||
| 650 | _aGATO | ||
| 650 | _aESÔFAGO | ||
| 650 | _aDIAGNÓSTICO | ||
| 650 | _aCIRURGIA | ||
| 650 | _aVETERINÁRIA | ||
| 650 | _aSÃO PAULO | ||
| 773 | 0 |
_tRevista de Educação Continuada (Brazil) _xISSN 1516-3326 _g(2002), v. 5(1) p. 32-40 _wBR0303763 |
|
| 909 |
_a202311 _bLúcia _c55 _dLúcia Elande |
||
| 942 |
_2AGRIS _n0 _cANA |
||
| 999 |
_c175720 _d175720 |
||